Modely oceňovania opcií so zameraním na opcie na akciový index diplomová práca

Guardado en:
Detalles Bibliográficos
Autor principal: Kabát, Michal
Autor Corporativo: Fakulta hospodárskej informatiky EU. Katedra matematiky a aktuárstva
Otros Autores: Kaderová, Andrea
Formato: Libro
Lenguaje:eslovaco
Publicado: Bratislava 2016
Etiquetas: Agregar Etiqueta
Sin Etiquetas, Sea el primero en etiquetar este registro!

MARC

LEADER 00000nbm a2200000 4500
001 0216930
005 20170214150508.9
041 0 |a slo 
044 |a SK 
245 1 0 |a Modely oceňovania opcií so zameraním na opcie na akciový index  |b diplomová práca  |c Michal Kabát ; školiteľ: Andrea Kaderová 
264 1 |a Bratislava  |c 2016 
300 |a 55 s. 
100 1 |a Kabát, Michal 
700 1 |a Kaderová, Andrea 
710 2 |a Fakulta hospodárskej informatiky EU. Katedra matematiky a aktuárstva